El Cacao en la economía colonial de Costa Rica /

שמור ב:
מידע ביבליוגרפי
מחבר ראשי: Roses Alvarado, Carlos A.
פורמט: Tesis
יצא לאור: San José :
תגים: הוספת תג
אין תגיות, היה/י הראשונ/ה לתייג את הרשומה!

MARC

LEADER 00000 a a2200000 04500
001 17628
003
040 |a CRAI/IIS  |c CRAI/IIS 
090 |a EXTRAVIADO  
100 |a Roses Alvarado, Carlos A.  
245 |a El Cacao en la economía colonial de Costa Rica /  |c Carlos A. Roses Alvarado 
260 |a San José :  
300 |a 125 páginas  
502 |a Tesis (Licenciatura en Historia) -- Universidad de Costa Rica, 1975  
999 |c 17968  |d 17968